000
00264nam a22001217a 4500
003
SGT
082
_a
621.3,SYA
100
_a
SYAL, NIPUN
245
_a
ELECTRICAL ENGINEERING
260
_a
CHANDIGARH
_b
EDUZPHERE PIB.
_c
2019
300
_a
384
942
_2
ddc
_c
GF BOOKS
999
_c
32462
_d
32462